Vplyv interakcií vysokofrekvenčných elektromagnetických polí na onkogenézu biologických systémov

Bibliographic Details
Main Authors: Weis, Michal (Author), Záhorec, Roman, 1958- (Author)
Format: Article
Language:Slovak

MARC

LEADER 00000nab a2200000ua 4500
001 vtls010835682
003 SK-MaSNL
005 20260303135318.0
008 230218s2001 xo |||||||||||||||||slo|
035 |a (urnnbn)urn:nbn:sk:snk:ar-a06qnq 
035 |a urn:nbn:sk:snk-ab5zl3 
035 |a (uuid)5e8d7a68-c644-4fc9-9948-a1747e47bb85 
040 |a SNKBUCL  |b slo  |c SNKBUCL  |e AACR2 
041 0 |a slo 
044 |a xo  |c SK 
100 1 |a Weis, Michal  |4 aut  |9 314061 
245 1 0 |a Vplyv interakcií vysokofrekvenčných elektromagnetických polí na onkogenézu biologických systémov  |c Michal Weis, Roman Záhorec 
700 1 |a Záhorec, Roman,  |d 1958-  |4 aut  |9 156868 
773 0 |t EE : časopis pre elektrotechniku a energetiku  |g Roč. 7, č. 5 (2001), s. 9-14 
954 |a odborná, vedecká literatúra pôvodná (slovenská)  |2 lita 
958 |a OND 
958 |a EUIPO 
958 |a article5 
999 |c 1964821  |d 1966751